|
|
|
|
| LEADER |
00000nam0a2200000 4500 |
| 001 |
158636 |
| 005 |
20231031154513.0 |
| 010 |
|
|
|a 5230120746
|
| 035 |
|
|
|a (RuTPU)RU\TPU\book\172047
|
| 090 |
|
|
|a 158636
|
| 100 |
|
|
|a 20090427d1991 m y0rusy50 ca
|
| 101 |
0 |
|
|a rus
|
| 102 |
|
|
|a RU
|
| 105 |
|
|
|a a z 001zy
|
| 200 |
1 |
|
|a Теоретические основы конструирования, технологии и надежности РЭС в примерах и задачах
|e учебное пособие
|f Т. М. Борисенко, Т. Э. Гельфман
|g Московский государственный институт радиотехники, электроники и автоматики (Технический университет) (МИРЭА)
|
| 210 |
|
|
|a Москва
|d 1991
|
| 215 |
|
|
|a 80 с.
|c ил.
|
| 320 |
|
|
|a Библиогр. в конце ст.
|
| 610 |
1 |
|
|a РЭС
|
| 610 |
1 |
|
|a радиоэлектронные системы
|
| 610 |
1 |
|
|a конструирование
|
| 610 |
1 |
|
|a технологии
|
| 610 |
1 |
|
|a надежность
|
| 610 |
1 |
|
|a теоретические основы
|
| 610 |
1 |
|
|a учебные пособия
|
| 675 |
|
|
|a 621.396.6.019.3(075.8)
|v 3
|
| 700 |
|
1 |
|a Борисенко
|b Т. М.
|g Татьяна Михайловна
|
| 701 |
|
1 |
|a Гельфман
|b Т. Э.
|g Татьяна Элевна
|
| 712 |
0 |
2 |
|a Московский государственный институт радиотехники, электроники и автоматики (Технический университет) (МИРЭА)
|2 stltpush
|3 (RuTPU)RU\TPU\col\119
|
| 801 |
|
1 |
|a RU
|b 63413507
|c 20090427
|g PSBO
|
| 801 |
|
2 |
|a RU
|b 63413507
|c 20090518
|g PSBO
|
| 942 |
|
|
|c BK
|